Statistics for Chongqing Rail Transit Stations

Click here to take the quiz!

General Stats

  • This quiz has been taken 4 times
  • The average score is 77 of 261

Answer Stats

Answer% Correct
Bishan
75%
Chaotianmen
75%
Chongqing West Station
75%
Daxigou
75%
Huanghuayuan
75%
Jiaochangkou
75%
Linjiangmen
75%
Liugongli
75%
Liziba
75%
Sigongli
75%
Tangjiatuo
75%
Tiaodeng
75%
Tiaodengnan
75%
Xiejiawan
75%
Zengjiayan
75%
Zhengjiayuanzi
75%
Bagongli
50%
Baijusi
50%
Beibei
50%
Bijin
50%
Central Park
50%
Central Park East
50%
Changfulu
50%
Chayuan
50%
Chongqing Jiaotong University
50%
Chongqing Library
50%
Chongqing University
50%
Ciqikou
50%
Dajiang
50%
Danzishi
50%
Daping
50%
Dashancun
50%
Daxuecheng
50%
Eling
50%
Fotuguan
50%
Fuhualu
50%
Gongmao
50%
Guanyinqiao
50%
Happy Valley
50%
Hongqihegou
50%
Hongtudi
50%
Houbao
50%
Huangling
50%
Huashigou
50%
Huaxi
50%
Huaxinjie
50%
Jiandingpo
50%
Jiangbeicheng
50%
Jiazhoulu
50%
Jintonglu
50%
Jinyu
50%
Jiugongli
50%
Jurenba
50%
Langui Avenue
50%
Lanhualu
50%
Lianglukou
50%
Lieshimu
50%
Lijia
50%
Liujiaping
50%
Longtousi
50%
Min'an Avenue
50%
Nanping
50%
Niujiaotuo
50%
Qixinggang
50%
Shanghao
50%
Shangwanlu
50%
Shangxinjie
50%
Shapingba
50%
Shengquansi
50%
Shichuan
50%
Shipingqiao
50%
Shiqiaopu
50%
Shiyoulu
50%
Shiziping
50%
Shuanglong
50%
Tangjiayuanzi
50%
Terminal 2 of Jiangbei Airport
50%
Terminal 3 of Jiangbei Airport
50%
The EXPO Garden
50%
Tongjiayuanzi
50%
Wulidian
50%
Xiaolongkan
50%
Xiaoshizi
50%
Xietaizi
50%
Xinqiao
50%
Yangjiaping
50%
Yuanjiagang
50%
Yuanyang
50%
Yudong
50%
Yuhulu
50%
Zoo
50%
Banshan
25%
Baoshenghu
25%
Baoshuigang
25%
Caijia
25%
Caiyunhu
25%
Caojiawan
25%
Central Park West
25%
Chalukou
25%
Changhe
25%
Changshengqiao
25%
Chenjiaping
25%
Chongguang
25%
Chongqing North Station North Square
25%
Chongqing North Station South Square
25%
Chongqing People's Auditorium
25%
Chongqing University of Technology
25%
Chunxuan Avenue
25%
Congyansi
25%
Dadukou
25%
Dalongshan
25%
Danhe
25%
Dashiba
25%
Dayancun
25%
Dazhulin
25%
Dianchang
25%
Dongbu Park
25%
Erlang
25%
Funiuxi
25%
Fusheng
25%
Gailanxi
25%
Gaomiaocun
25%
Gaotanyan
25%
Grand Theater
25%
Guangdianyuan
25%
Guanyuelu
25%
Haitangxi
25%
Haixialu
25%
Hemulu
25%
Hongyancun
25%
Huahuiyuan
25%
Hualong
25%
Hualongqiao
25%
Huangjueping
25%
Huangnibang
25%
Huayan Center
25%
Huayan Temple
25%
Huixing
25%
Huxiajie
25%
International Expo Center
25%
Jiangjin High-Speed Railway
25%
Jianqiao
25%
Jin'aoshan
25%
Jinzhu
25%
Jiulongyuan
25%
Jiuquhe
25%
Konggang Square
25%
Lijiaping
25%
Lijiatuo Daqiao
25%
Liujiatai
25%
Liujiayuanzi
25%
Liyuchi
25%
Longfengxi
25%
Longtousi Park
25%
Longxing
25%
Longyi Avenue
25%
Lujiagou
25%
Mahuangliang
25%
Majiayan
25%
Mawangchang
25%
Minxinjiayuan
25%
Nanhu
25%
Nanqiaosi
25%
Olympic Sports Center
25%
Qiezixi
25%
Qilong
25%
Qinggangping
25%
Ranjiaba
25%
Renhe
25%
Renji
25%
Sanbanxi
25%
Shaheba
25%
Shangqiao
25%
Shixinlu
25%
Shuangbei
25%
Shuangfengqiao
25%
Shuangfu
25%
Sichuan Fine Arts Institute
25%
Southwest University
25%
Sports Park
25%
The EXPO Garden Center
25%
Tiantangbao
25%
Tongyuanju
25%
Toutang
25%
Tushan
25%
Tuwan
25%
Wangjiazhuang
25%
Wanshoulu
25%
Weidianyuan
25%
Xiangtang
25%
Xingke Avenue
25%
Xinshancun
25%
Xuetangwan
25%
Yanggongqiao
25%
Yubei Square
25%
Yuegang Avenue
25%
Yuegangbeilu
25%
Yuelai
25%
Yulu
25%
Zhongliangshan
25%
Zhongshutuo
25%
Zhuangyuanbei
25%
Babinlu Wetland Park
0%
Bashan
0%
Chenjiaqiao
0%
Chongqing Technology and Business University
0%
Chunhua Avenue
0%
Cruise Home Port
0%
Cuiyun
0%
Cuntan
0%
Dingshan
0%
Fengmingshan
0%
Fengxilu
0%
Fuxing
0%
Gangcheng
0%
Ganyue Avenue
0%
Gaobaohu
0%
Gaoshita
0%
Gaoyikou
0%
Guoyuan Logistics Hub
0%
Heishizi
0%
Hejialiang
0%
Honghudonglu
0%
Hongyanping
0%
Huachenglu
0%
Huangmaoping
0%
Huanshan Park
0%
Huaxi Industrial Park
0%
Jijiang
0%
Jinjianlu
0%
Jinjiawan
0%
Jinshansi
0%
Kangzhuang
0%
Laijiaqiao
0%
Lianhua
0%
Liujiaba
0%
Luojiaba
0%
Luqi
0%
Lushan
0%
Ping'an
0%
Pufu
0%
Qingxihe
0%
Qiujiawan
0%
Sanyawan
0%
Shiheqing
0%
Shijingpo
0%
Shilinsi
0%
Shipanhe
0%
Siyuan
0%
Taipingchong
0%
Tanzikou
0%
Tianlilu
0%
Tianxingqiao
0%
Tieshanping
0%
Tongzilin
0%
Xiangjiagang
0%
Xingfu Square
0%
Yanping
0%
Yudaishan
0%
Yuhegou
0%
Yuzui
0%

Score Distribution

Percentile by Number Answered

Percent of People with Each Score

Your Score History

You have not taken this quiz